[Event "Deutsche Ländermeisterschaft 2012"]
[Site "Hannover GER"]
[Date "2012.09.30"]
[Round "2"]
[White "Graf, Felix"]
[Black "Krassowizkij, Jaroslaw"]
[Result "1/2-1/2"]
[Termination "normal"]
[Board "1.1"]
[WhiteTitle "20"]
[BlackTitle "20"]
[WhiteElo "2449"]
[BlackElo "2411"]
[WhiteTeam "Bayern"]
[BlackTeam "Württemberg"]
[PlyCount "93"]
[WhiteFideId "24608904"]
[BlackFideId "1271703"]
[EventCountry "GER"]
[EventRounds "7"]
[EventType "team-swiss"]
[EventDate "2012.09.28"]

1. d4 d5 2. c4 e6 3. Nc3 c5 4. cxd5 exd5 5. Nf3 Nc6 6. dxc5 d4 7. Na4 Bxc5 8.
Nxc5 Qa5+ 9. Bd2 Qxc5 10. b4 Nxb4 11. Rc1 Qd6 12. e3 Nc6 13. Nxd4 Nxd4 14. Bc3
Nf6 15. Qxd4 Qxd4 16. Bxd4 Bd7 17. Be2 Bc6 18. Bc5 Bxg2 19. Rg1 Bc6 20. Rxg7
Rg8 21. Rxg8+ Nxg8 22. Rc4 Nf6 23. Rh4 Ne4 24. Rxh7 O-O-O 25. Bd4 Ng5 26. Rg7
Nf3+ 27. Bxf3 Bxf3 28. Rxf7 Bd5 29. Rf5 Bxa2 30. Rc5+ Kd7 31. Ra5 Bc4 32. Rxa7
Ba6 33. f4 Ke6 34. Kf2 Kf5 35. Kf3 Bd3 36. Ra3 Be4+ 37. Kf2 Kg4 38. Ra5 Rc8 39.
Rg5+ Kh3 40. f5 Rc2+ 41. Ke1 Kh4 42. Bf6 Rc1+ 43. Ke2 Rc2+ 44. Kd1 Rc5 45. Be7
Rd5+ 46. Ke2 Kh3 47. Kf2 1/2-1/2

[Event "Deutsche Ländermeisterschaft 2012"]
[Site "Hannover GER"]
[Date "2012.09.30"]
[Round "2"]
[White "Kvetny, Mark"]
[Black "Berchtenbreiter, Maximilian"]
[Result "0-1"]
[Termination "normal"]
[Board "1.2"]
[WhiteTitle "16"]
[BlackTitle "18"]
[WhiteElo "2245"]
[BlackElo "2328"]
[WhiteTeam "Württemberg"]
[BlackTeam "Bayern"]
[PlyCount "112"]
[WhiteFideId "24603929"]
[BlackFideId "24641120"]
[EventCountry "GER"]
[EventRounds "7"]
[EventType "team-swiss"]
[EventDate "2012.09.28"]

1. d4 c6 2. c4 Nf6 3. Nc3 d5 4. Nf3 a6 5. c5 Nbd7 6. Bf4 g6 7. h3 Bg7 8. e3 O-O
9. Bd3 Ne8 10. O-O f6 11. e4 e5 12. dxe5 fxe5 13. Bg5 Qc7 14. exd5 Nxc5 15. Bc4
Nd6 16. b4 Na4 17. dxc6+ Nxc4 18. Qd5+ Qf7 19. Qxf7+ Rxf7 20. Nxa4 e4 21. Rac1
b5 22. Nh2 Rf5 23. Bh4 a5 24. Rfd1 axb4 25. Rd8+ Rf8 26. c7 Rxa4 27. Be7 Ra8
28. Bxb4 Kf7 29. Bxf8 Bxf8 30. Ng4 h5 31. Ne3 Nb6 32. Rc6 Nd7 33. Nd5 Bg7 34.
Rb6 Nxb6 35. Nxb6 Rxa2 36. Nxc8 Ra1+ 37. Kh2 Be5+ 38. g3 Rc1 39. Nd6+ Bxd6 40.
c8=Q Rxc8 41. Rxc8 Ke6 42. Kg2 b4 43. Kf1 Kd5 44. Ke2 b3 45. Kd2 b2 46. Kc2 Bc5
47. Rxc5+ Kxc5 48. Kxb2 Kd4 49. Kc2 e3 50. Kd1 exf2 51. Ke2 f1=Q+ 52. Kxf1 Ke3
53. Kg2 g5 54. Kg1 Kf3 55. g4 h4 56. Kh2 Kf2 0-1

[Event "Deutsche Ländermeisterschaft 2012"]
[Site "Hannover GER"]
[Date "2012.09.30"]
[Round "2"]
[White "Klek, Hanna Marie"]
[Black "Braun, Georg"]
[Result "1-0"]
[Termination "normal"]
[Board "1.3"]
[WhiteTitle "18w"]
[BlackTitle "18"]
[WhiteElo "2214"]
[BlackElo "2196"]
[WhiteTeam "Bayern"]
[BlackTeam "Württemberg"]
[PlyCount "79"]
[WhiteFideId "24670057"]
[BlackFideId "24629383"]
[EventCountry "GER"]
[EventRounds "7"]
[EventType "team-swiss"]
[EventDate "2012.09.28"]

1. Nf3 b6 2. e4 Bb7 3. d3 g6 4. g3 Bg7 5. Bg2 e6 6. O-O Ne7 7. c4 O-O 8. Nc3 d5
9. cxd5 exd5 10. Bg5 h6 11. Bf4 dxe4 12. dxe4 Qxd1 13. Rfxd1 Na6 14. Nd4 g5 15.
Be3 c5 16. Ndb5 Bc6 17. Nd6 Nc7 18. Rd2 Ne6 19. Nd5 Ng6 20. Nf5 Kh7 21. Rc1 Bb7
22. h3 Be5 23. a4 Rad8 24. a5 Nc7 25. Nxc7 Rxd2 26. Bxd2 Bxc7 27. b4 Ne5 28.
axb6 axb6 29. bxc5 Nd3 30. Rc3 Nxc5 31. Be3 Ne6 32. Ne7 b5 33. Rb3 Ba6 34. Bf1
Rb8 35. Nc6 Rc8 36. Na7 Rb8 37. Nxb5 Be5 38. Bc4 Bb7 39. Bd3 Bc6 40. Kf1 1-0

[Event "Deutsche Ländermeisterschaft 2012"]
[Site "Hannover GER"]
[Date "2012.09.30"]
[Round "2"]
[White "Zeller, Elisa"]
[Black "Weber, Daniel"]
[Result "1-0"]
[Termination "normal"]
[Board "1.4"]
[WhiteTitle "18w"]
[BlackTitle "16"]
[WhiteElo "1903"]
[BlackElo "1816"]
[WhiteTeam "Württemberg"]
[BlackTeam "Bayern"]
[PlyCount "117"]
[WhiteFideId "24662410"]
[BlackFideId "24615498"]
[EventCountry "GER"]
[EventRounds "7"]
[EventType "team-swiss"]
[EventDate "2012.09.28"]

1. e4 e6 2. d4 d5 3. Nc3 Nf6 4. e5 Nfd7 5. f4 c5 6. Nf3 Nc6 7. Be3 Qb6 8. Qd2
cxd4 9. Nxd4 Nxd4 10. Bxd4 Bc5 11. O-O-O Bxd4 12. Qxd4 Qxd4 13. Rxd4 a6 14. Be2
O-O 15. Re1 Nb8 16. Rd2 Bd7 17. Bg4 Rd8 18. Red1 Nc6 19. Kb1 Rac8 20. Ne4 dxe4
21. Rxd7 Rxd7 22. Rxd7 Nb4 23. Rd4 Nd5 24. Rxe4 g6 25. Bf3 Rc7 26. c4 Nb6 27.
b3 a5 28. Rd4 Nd7 29. Kb2 Kf8 30. a3 Ke7 31. b4 axb4 32. axb4 f6 33. exf6+ Kxf6
34. c5 e5 35. fxe5+ Nxe5 36. Kb3 Nxf3 37. Rf4+ Ke7 38. Rxf3 Kd8 39. Kc4 Re7 40.
Kb5 Kc7 41. Rf6 Rd7 42. h4 Re7 43. g4 Re4 44. Rf7+ Kb8 45. Rxh7 Rxg4 46. Ka5
Rf4 47. b5 Rf6 48. b6 Kc8 49. Kb5 Rf1 50. Rc7+ Kb8 51. Rg7 Rb1+ 52. Kc4 Rc1+
53. Kb4 Rb1+ 54. Kc3 Rc1+ 55. Kd4 Rd1+ 56. Ke5 Re1+ 57. Kf6 Rf1+ 58. Kxg6 Rg1+
59. Kh6 1-0

[Event "Deutsche Ländermeisterschaft 2012"]
[Site "Hannover GER"]
[Date "2012.09.30"]
[Round "2"]
[White "Bilchinski, Anton"]
[Black "Schmidt, Tobias"]
[Result "1-0"]
[Termination "normal"]
[Board "1.5"]
[WhiteTitle "14"]
[BlackTitle "14"]
[WhiteElo "1891"]
[BlackElo "1834"]
[WhiteTeam "Bayern"]
[BlackTeam "Württemberg"]
[PlyCount "93"]
[WhiteFideId "24615765"]
[BlackFideId "1271683"]
[EventCountry "GER"]
[EventRounds "7"]
[EventType "team-swiss"]
[EventDate "2012.09.28"]

1. d4 d5 2. c4 c6 3. Nc3 dxc4 4. a4 e6 5. e3 c5 6. Bxc4 Nf6 7. Nf3 Nc6 8. O-O
cxd4 9. exd4 Nb4 10. Ne5 Be7 11. Bb5+ Kf8 12. Be3 Nbd5 13. Qf3 Nxc3 14. bxc3
Qd5 15. Qe2 a6 16. Bd3 Bd7 17. Nc4 Qh5 18. Qxh5 Nxh5 19. Rfb1 Bc6 20. Na5 Bd6
21. Nxc6 bxc6 22. Rb6 Ke7 23. Rxc6 Rhc8 24. Rxa6 Rxa6 25. Bxa6 Rxc3 26. a5 Ra3
27. Rxa3 Bxa3 28. Be2 Nf6 29. a6 Nd5 30. a7 Nc7 31. Bf4 Bd6 32. Bxd6+ Kxd6 33.
Bf3 e5 34. dxe5+ Kxe5 35. a8=Q Nxa8 36. Bxa8 Kf4 37. Kf1 h5 38. Bd5 f6 39. g3+
Kg5 40. Kg2 h4 41. f4+ Kf5 42. Kf3 g5 43. g4+ Kg6 44. Ke4 Kg7 45. fxg5 fxg5 46.
Kf5 Kh6 47. h3 1-0

[Event "Deutsche Ländermeisterschaft 2012"]
[Site "Hannover GER"]
[Date "2012.09.30"]
[Round "2"]
[White "Höglauer, Patrick"]
[Black "Dürr, Florian"]
[Result "1/2-1/2"]
[Termination "normal"]
[Board "1.6"]
[WhiteTitle "12"]
[BlackTitle "12"]
[WhiteElo "1883"]
[BlackElo "1920"]
[WhiteTeam "Württemberg"]
[BlackTeam "Bayern"]
[PlyCount "44"]
[WhiteFideId "1270548"]
[BlackFideId "24659134"]
[EventCountry "GER"]
[EventRounds "7"]
[EventType "team-swiss"]
[EventDate "2012.09.28"]

1. d4 Nf6 2. c4 g6 3. Nc3 d5 4. cxd5 Nxd5 5. e4 Nxc3 6. bxc3 Bg7 7. Bc4 c5 8.
Be3 Nc6 9. Ne2 cxd4 10. cxd4 Qa5+ 11. Qd2 Qxd2+ 12. Kxd2 O-O 13. Rhd1 Rd8 14.
Ke1 b6 15. Rac1 Bb7 16. f3 Rac8 17. a3 Na5 18. Ba2 Ba6 19. e5 Bc4 20. Bxc4 Nxc4
21. Rc3 b5 22. Bc1 a6 1/2-1/2

[Event "Deutsche Ländermeisterschaft 2012"]
[Site "Hannover GER"]
[Date "2012.09.30"]
[Round "2"]
[White "Berger, Nadja"]
[Black "Gaßmann, Linda"]
[Result "1/2-1/2"]
[Termination "normal"]
[Board "1.7"]
[WhiteTitle "16w"]
[BlackTitle "14w"]
[WhiteElo "1769"]
[BlackElo "1766"]
[WhiteTeam "Bayern"]
[BlackTeam "Württemberg"]
[PlyCount "90"]
[WhiteFideId "24692212"]
[BlackFideId "12900451"]
[EventCountry "GER"]
[EventRounds "7"]
[EventType "team-swiss"]
[EventDate "2012.09.28"]

1. e4 e5 2. Bc4 Nc6 3. Nf3 Be7 4. d3 Nf6 5. Bb3 d6 6. c3 O-O 7. Nbd2 d5 8. Qe2
dxe4 9. dxe4 Nd7 10. Nc4 Bf6 11. O-O Nc5 12. Bc2 a6 13. Ne3 Be6 14. Rd1 Qc8 15.
Nd5 Bd8 16. Be3 Nd7 17. h3 f6 18. Bb3 Re8 19. Bc2 Ne7 20. Bb3 Ng6 21. Qc2 a5
22. Bc1 c6 23. Ne3 Nc5 24. Bxe6+ Qxe6 25. b4 axb4 26. cxb4 Na6 27. a3 Be7 28.
Qc3 Nf4 29. Re1 Red8 30. Nf5 Nd3 31. Rd1 Nxc1 32. Raxc1 Rxd1+ 33. Rxd1 Rd8 34.
Nxe7+ Qxe7 35. Qb3+ Kf8 36. Nh4 g6 37. Rd3 Nc7 38. Qc4 Rxd3 39. Qxd3 Ne6 40.
Nf3 Ke8 41. g3 Qd7 42. Qb3 Ke7 43. Kg2 Qd6 44. Qe3 g5 45. Qb3 Kd7 1/2-1/2

[Event "Deutsche Ländermeisterschaft 2012"]
[Site "Hannover GER"]
[Date "2012.09.30"]
[Round "2"]
[White "Lederer, Leia"]
[Black "Schneider, Jana"]
[Result "0-1"]
[Termination "normal"]
[Board "1.8"]
[WhiteTitle "12w"]
[BlackTitle "12w"]
[WhiteElo "1624"]
[BlackElo "1665"]
[WhiteTeam "Württemberg"]
[BlackTeam "Bayern"]
[PlyCount "154"]
[WhiteFideId "12926353"]
[BlackFideId "12924997"]
[EventCountry "GER"]
[EventRounds "7"]
[EventType "team-swiss"]
[EventDate "2012.09.28"]

1. e4 c5 2. Nf3 d6 3. d4 cxd4 4. Nxd4 Nf6 5. Nc3 a6 6. Be3 e6 7. f3 Qc7 8. Qd2
b5 9. g4 Bb7 10. h4 Nfd7 11. f4 Nc5 12. Bg2 b4 13. Nce2 Nxe4 14. Bxe4 Bxe4 15.
Rf1 Nc6 16. Nxc6 Qxc6 17. Nd4 Qc4 18. Kf2 Rd8 19. Qe1 Be7 20. Kg1 O-O 21. g5 e5
22. Ne2 d5 23. fxe5 d4 24. Bd2 d3 25. cxd3 Bxd3 26. Rf4 Bc5+ 27. Kh2 Qe6 28.
Nc1 Rfe8 29. Rf3 Bb5 30. Bxb4 Bxb4 31. Qxb4 Qxe5+ 32. Rg3 Rd4 33. Qc3 Rxh4+ 34.
Kg2 Qxc3 35. Rxc3 Rg4+ 36. Rg3 Bc6+ 37. Kh3 Rxg3+ 38. Kxg3 Re1 39. Kf2 Rd1 40.
Ke2 Rg1 41. Kd2 Be4 42. a4 Kf8 43. b4 Bc6 44. Ra3 Rxg5 45. Ne2 Rg4 46. Kc3 Rh4
47. Ra1 g5 48. Nd4 Rh6 49. b5 axb5 50. axb5 Be4 51. Rg1 Rg6 52. Kc4 g4 53. Kc5
Ba8 54. Ne2 h5 55. Rb1 Ke8 56. b6 Bb7 57. Ra1 Kd8 58. Rf1 Rg5+ 59. Kb4 Ba6 60.
Rd1+ Kc8 61. Nc3 g3 62. Na4 Rg4+ 63. Ka3 Rxa4+ 64. Kxa4 g2 65. Rg1 Bf1 66. Kb4
h4 67. Kc5 h3 68. Kc6 h2 69. b7+ Kb8 70. Rxf1 gxf1=Q 71. Kd7 Qc4 72. Ke7 Qd4
73. Kxf7 Qe5 74. Kg6 Qf4 75. Kg7 h1=R 76. Kg6 Rg1+ 77. Kh5 Qg5# 0-1

[Event "Deutsche Ländermeisterschaft 2012"]
[Site "Hannover GER"]
[Date "2012.09.30"]
[Round "2"]
[White "Geske, Julian"]
[Black "Schulz, Jens"]
[Result "1-0"]
[Termination "normal"]
[Board "2.1"]
[WhiteTitle "20"]
[BlackTitle "20"]
[WhiteElo "2401"]
[BlackElo "2269"]
[WhiteTeam "Hessen 1"]
[BlackTeam "Niedersachsen 1"]
[PlyCount "55"]
[WhiteFideId "24605263"]
[BlackFideId "24675687"]
[EventCountry "GER"]
[EventRounds "7"]
[EventType "team-swiss"]
[EventDate "2012.09.28"]

1. e4 c5 2. Nf3 d6 3. d4 cxd4 4. Nxd4 Nf6 5. Nc3 Nc6 6. Bc4 e6 7. Bb3 Be7 8.
O-O O-O 9. Be3 Bd7 10. f4 Nxd4 11. Bxd4 Bc6 12. Qe2 b5 13. a3 a5 14. f5 b4 15.
axb4 axb4 16. Qc4 Qe8 17. Qxb4 e5 18. Bf2 d5 19. Rxa8 Bxa8 20. Bc5 Bxc5+ 21.
Qxc5 d4 22. Nd5 Nxe4 23. Ne7+ Kh8 24. Qxe5 f6 25. Qc7 Qb5 26. Rf4 g5 27. Ng6+
hxg6 28. fxg6 1-0

[Event "Deutsche Ländermeisterschaft 2012"]
[Site "Hannover GER"]
[Date "2012.09.30"]
[Round "2"]
[White "Schreiner, Till"]
[Black "Schröder, Jan-Christian"]
[Result "1-0"]
[Termination "normal"]
[Board "2.2"]
[WhiteTitle "18"]
[BlackTitle "14"]
[WhiteElo "2222"]
[BlackElo "2349"]
[WhiteTeam "Niedersachsen 1"]
[BlackTeam "Hessen 1"]
[PlyCount "79"]
[WhiteFideId "24675555"]
[BlackFideId "24662259"]
[EventCountry "GER"]
[EventRounds "7"]
[EventType "team-swiss"]
[EventDate "2012.09.28"]

1. d4 d5 2. c4 e6 3. Nc3 Nf6 4. cxd5 exd5 5. Bg5 Be7 6. e3 Nbd7 7. Bd3 O-O 8.
Nge2 Re8 9. O-O Nf8 10. Qc2 Be6 11. Nf4 g6 12. Qb3 c5 13. Bb5 N8d7 14. Bxf6
Bxf6 15. Ncxd5 cxd4 16. exd4 Bg5 17. Nxe6 Rxe6 18. Rfe1 Nf8 19. Re5 Rc8 20. Rd1
h6 21. g3 a6 22. Be2 h5 23. Bf3 Bf6 24. Rxe6 Nxe6 25. Qxb7 Kg7 26. Nxf6 Qxf6
27. Qxc8 Qxf3 28. Re1 Ng5 29. h4 Ne4 30. Qc2 f5 31. Re3 Qg4 32. Kg2 Nf6 33.
Qc7+ Kh6 34. Qf4+ Qxf4 35. gxf4 Nd5 36. Ra3 Nxf4+ 37. Kf3 Ne6 38. d5 Nc5 39. b4
g5 40. bxc5 1-0

[Event "Deutsche Ländermeisterschaft 2012"]
[Site "Hannover GER"]
[Date "2012.09.30"]
[Round "2"]
[White "Hahn, Markus"]
[Black "Grigorian, Spartak"]
[Result "1-0"]
[Termination "normal"]
[Board "2.3"]
[WhiteTitle "18"]
[BlackTitle "14"]
[WhiteElo "2195"]
[BlackElo "2127"]
[WhiteTeam "Hessen 1"]
[BlackTeam "Niedersachsen 1"]
[PlyCount "75"]
[WhiteFideId "24654647"]
[BlackFideId "24661490"]
[EventCountry "GER"]
[EventRounds "7"]
[EventType "team-swiss"]
[EventDate "2012.09.28"]

1. d4 Nf6 2. c4 e6 3. g3 d5 4. Nf3 Bb4+ 5. Bd2 Be7 6. Bg2 c6 7. Qc2 b6 8. Bf4
Ba6 9. Nbd2 Nbd7 10. O-O Rc8 11. Qa4 Bxc4 12. Nxc4 b5 13. Nd6+ Bxd6 14. Qxa7
Bxf4 15. gxf4 O-O 16. Rfc1 c5 17. dxc5 Ra8 18. Qb7 Qa5 19. b4 Qxb4 20. Rab1
Qxf4 21. c6 Ne5 22. Nxe5 Qxe5 23. c7 Rac8 24. Rxb5 Ne4 25. Qc6 Nd6 26. Rbc5 Ne8
27. Qb7 Nd6 28. Qc6 Nf5 29. Qa6 Nh4 30. Qd3 Nf5 31. a4 Qd4 32. Qxd4 Nxd4 33. e4
Ne2+ 34. Kf1 Nxc1 35. Rxc1 d4 36. e5 f6 37. Bb7 fxe5 38. a5 1-0

[Event "Deutsche Ländermeisterschaft 2012"]
[Site "Hannover GER"]
[Date "2012.09.30"]
[Round "2"]
[White "Tennert, Simon"]
[Black "Galkin, Wladislaw"]
[Result "1/2-1/2"]
[Termination "normal"]
[Board "2.4"]
[WhiteTitle "16"]
[BlackTitle "16"]
[WhiteElo "2153"]
[BlackElo "2091"]
[WhiteTeam "Niedersachsen 1"]
[BlackTeam "Hessen 1"]
[PlyCount "129"]
[WhiteFideId "1270445"]
[BlackFideId "4603192"]
[EventCountry "GER"]
[EventRounds "7"]
[EventType "team-swiss"]
[EventDate "2012.09.28"]

1. e4 e5 2. Nf3 Nc6 3. Bc4 Bc5 4. O-O d6 5. c3 Nf6 6. Re1 O-O 7. Bb3 Bb6 8. d3
Ne7 9. Nbd2 Ng6 10. Nc4 Bg4 11. h3 Be6 12. Ng5 Bxc4 13. Bxc4 Qe7 14. a4 a6 15.
a5 Ba7 16. g3 h6 17. Nf3 Kh8 18. Nh2 Qd7 19. Kg2 c6 20. Qf3 Nh7 21. Qg4 Qxg4
22. hxg4 Rad8 23. Bb3 Ne7 24. Nf3 g5 25. Nd2 Kg7 26. Nc4 Nf6 27. f3 Rfe8 28.
Bc2 Ng6 29. Ne3 Ne7 30. Nc4 Ng6 31. Ne3 Ne7 32. b3 d5 33. Ba3 Bxe3 34. Rxe3
dxe4 35. fxe4 Nxg4 36. Rf3 f5 37. Raf1 f4 38. gxf4 exf4 39. Bc5 Ng6 40. Rh1 Nf6
41. Rfh3 h5 42. Bd4 h4 43. b4 Rh8 44. e5 Ng4 45. Re1 Rxd4 46. cxd4 Ne3+ 47.
Rhxe3 fxe3 48. Rxe3 Nf4+ 49. Kh1 Nd5 50. Re2 Nxb4 51. Bb3 Nxd3 52. Rg2 Kh6 53.
Bf7 Nf4 54. Rb2 Rb8 55. Rb3 Kg7 56. Bc4 Nd5 57. Bxa6 b6 58. axb6 Rxb6 59. Rxb6
Nxb6 60. Bb7 Kf7 61. Bxc6 Ke6 62. Kg2 Nc4 63. Kh3 Nxe5 64. dxe5 Kxe5 65. Kg4
1/2-1/2

[Event "Deutsche Ländermeisterschaft 2012"]
[Site "Hannover GER"]
[Date "2012.09.30"]
[Round "2"]
[White "Bluhm, Sonja Maria"]
[Black "Düssler, Stefanie"]
[Result "0-1"]
[Termination "normal"]
[Board "2.5"]
[WhiteTitle "14w"]
[BlackTitle "18w"]
[WhiteElo "1981"]
[BlackElo "1973"]
[WhiteTeam "Hessen 1"]
[BlackTeam "Niedersachsen 1"]
[PlyCount "132"]
[WhiteFideId "24654027"]
[BlackFideId "4634780"]
[EventCountry "GER"]
[EventRounds "7"]
[EventType "team-swiss"]
[EventDate "2012.09.28"]

1. e4 e6 2. d3 c5 3. Nf3 Nc6 4. g3 g6 5. Bg2 Bg7 6. O-O Nge7 7. Qe2 d6 8. Nc3
O-O 9. Be3 h6 10. e5 Nd5 11. Ne4 Nxe3 12. Qxe3 Nxe5 13. Nxe5 Bxe5 14. Qxh6 Bg7
15. Qc1 Rb8 16. c3 b6 17. f4 Bb7 18. Qd2 Qe7 19. Rae1 d5 20. Ng5 Qd6 21. Nf3 b5
22. d4 b4 23. cxb4 cxb4 24. Rc1 Ba6 25. Rfd1 Rfc8 26. Qe3 Bb5 27. b3 Qa6 28.
Qd2 Qa5 29. Bf1 Bxf1 30. Rxf1 Rc3 31. Rxc3 bxc3 32. Qc2 Rc8 33. Rd1 Qa3 34. Rd3
Qb2 35. Ne1 Bf8 36. Kf1 Bb4 37. Rd1 Rc6 38. Rb1 Qa3 39. Nd3 Qa6 40. Rd1 Qb5 41.
Kg2 Kg7 42. h4 Qb6 43. Ne5 Rc8 44. Nf3 Qa6 45. Ne5 Bd6 46. Nf3 Qa3 47. Ne1 Rc6
48. Nd3 Qa5 49. Kh2 Ra6 50. Nc1 Bb4 51. a4 Rb6 52. Na2 Rc6 53. Rd3 Qb6 54. Kg2
a5 55. Kh2 Qb8 56. Re3 Qd6 57. Kg2 Qe7 58. Kh2 Qf6 59. Rd3 Qf5 60. Nc1 Qe4 61.
Na2 f6 62. Nc1 Rc8 63. Na2 g5 64. fxg5 fxg5 65. h5 Rh8 66. Qd1 g4 0-1

[Event "Deutsche Ländermeisterschaft 2012"]
[Site "Hannover GER"]
[Date "2012.09.30"]
[Round "2"]
[White "Diederichs, Luise"]
[Black "Liez, Franziska"]
[Result "1-0"]
[Termination "normal"]
[Board "2.6"]
[WhiteTitle "16w"]
[BlackTitle "16w"]
[WhiteElo "1827"]
[BlackElo "1920"]
[WhiteTeam "Niedersachsen 1"]
[BlackTeam "Hessen 1"]
[PlyCount "137"]
[WhiteFideId "24661597"]
[BlackFideId "1271766"]
[EventCountry "GER"]
[EventRounds "7"]
[EventType "team-swiss"]
[EventDate "2012.09.28"]

1. e4 e5 2. Nf3 Nc6 3. Bb5 a6 4. Ba4 Nf6 5. O-O b5 6. Bb3 Be7 7. Qe2 O-O 8. c3
d6 9. h3 Bb7 10. d3 Na5 11. Bc2 c5 12. Nh2 Qc7 13. f4 Rad8 14. Ng4 Nxg4 15.
Qxg4 Bc8 16. Qg3 Kh8 17. Nd2 f5 18. fxe5 dxe5 19. Nf3 Bf6 20. exf5 Bxf5 21. Ng5
Bxg5 22. Bxg5 Rde8 23. Rf2 Bg6 24. Raf1 Rxf2 25. Qxf2 h6 26. Be3 Nb7 27. Qg3
Kh7 28. Re1 c4 29. Bd4 Qd7 30. Rxe5 Rxe5 31. Qxe5 cxd3 32. Bd1 Na5 33. Bg4 Qb7
34. Bf3 Qf7 35. Bd5 Nc4 36. Bxf7 Nxe5 37. Bxg6+ Nxg6 38. Be3 Ne5 39. b3 g5 40.
Kf1 Kg6 41. Bd4 d2 42. Ke2 d1=Q+ 43. Kxd1 Nd3 44. g3 Kf5 45. Kd2 Ke4 46. Bg7 h5
47. Bf6 g4 48. hxg4 hxg4 49. c4 Nc5 50. Be7 Ne6 51. Bd6 Nd4 52. Kc3 Nc6 53.
cxb5 axb5 54. a4 bxa4 55. bxa4 Nd4 56. Kc4 Nc6 57. Kc5 Na5 58. Bc7 Nb3+ 59. Kb6
Kd5 60. a5 Nc5 61. a6 Nxa6 62. Kxa6 Kc6 63. Bf4 Kd7 64. Kb6 Ke6 65. Kc5 Kf5 66.
Kd5 Kg6 67. Ke4 Kh5 68. Be5 Kg5 69. Bd4 1-0

[Event "Deutsche Ländermeisterschaft 2012"]
[Site "Hannover GER"]
[Date "2012.09.30"]
[Round "2"]
[White "Nothnagel, Marian Can"]
[Black "Sieber, Fiona"]
[Result "1-0"]
[Termination "normal"]
[Board "2.7"]
[WhiteTitle "12"]
[BlackTitle "12w"]
[WhiteElo "1738"]
[BlackElo "1800"]
[WhiteTeam "Hessen 1"]
[BlackTeam "Niedersachsen 1"]
[PlyCount "45"]
[WhiteFideId "12921530"]
[BlackFideId "12902373"]
[EventCountry "GER"]
[EventRounds "7"]
[EventType "team-swiss"]
[EventDate "2012.09.28"]

1. e4 c5 2. Nf3 d6 3. d4 cxd4 4. Nxd4 Nf6 5. Nc3 Nc6 6. Bg5 Bd7 7. Bxf6 gxf6 8.
Nb3 Rc8 9. Qh5 Bg7 10. Be2 Nb4 11. O-O Nxc2 12. Rad1 Na3 13. Rd3 Nc4 14. Rg3
Kf8 15. f4 Nxb2 16. Rff3 h6 17. f5 Rg8 18. Rxg7 Qb6+ 19. Kf1 Kxg7 20. Rg3+ Kh7
21. Qxf7+ Kh8 22. Rh3 Rg6 23. Qxg6 1-0

[Event "Deutsche Ländermeisterschaft 2012"]
[Site "Hannover GER"]
[Date "2012.09.30"]
[Round "2"]
[White "Rätzke von Stoyentin, Steffen"]
[Black "Graf, Clara Victoria"]
[Result "0-1"]
[Termination "normal"]
[Board "2.8"]
[WhiteTitle "12"]
[BlackTitle "12w"]
[WhiteElo "1755"]
[BlackElo "1740"]
[WhiteTeam "Niedersachsen 1"]
[BlackTeam "Hessen 1"]
[PlyCount "96"]
[WhiteFideId "12907502"]
[BlackFideId "1270339"]
[EventCountry "GER"]
[EventRounds "7"]
[EventType "team-swiss"]
[EventDate "2012.09.28"]

1. d4 Nf6 2. c4 g6 3. Nc3 Bg7 4. e4 d6 5. Nf3 O-O 6. Be2 e5 7. O-O Na6 8. Re1
Re8 9. Bf1 Bg4 10. d5 Nh5 11. Be2 Bxf3 12. Bxf3 Nf4 13. Bxf4 exf4 14. Rc1 Bxc3
15. Rxc3 Qf6 16. a3 Nc5 17. Qc2 Nd7 18. b4 b6 19. Bd1 a5 20. Be2 axb4 21. axb4
Ra7 22. c5 Ra2 23. Qd3 bxc5 24. Rec1 Rea8 25. h3 Ra1 26. Rxa1 Rxa1+ 27. Kh2 Qe5
28. f3 Qg5 29. Bf1 Qg3+ 30. Kg1 Qe1 31. Ra3 cxb4 32. Rxa1 Qxa1 33. Qc4 Qa5 34.
Kh2 Qc5 35. Qa6 Nb6 36. Qa2 Qc3 37. Qb1 b3 38. Bb5 Qc2 39. Bd3 Qxb1 40. Bxb1 b2
41. h4 Nc4 42. Kh3 Na3 43. Ba2 b1=Q 44. Bxb1 Nxb1 45. Kg4 Kg7 46. Kxf4 Kf6 47.
Kg4 Nc3 48. h5 g5 0-1

[Event "Deutsche Ländermeisterschaft 2012"]
[Site "Hannover GER"]
[Date "2012.09.30"]
[Round "2"]
[White "Carow, Johannes"]
[Black "Möhn, Hans"]
[Result "1-0"]
[Termination "normal"]
[Board "3.1"]
[WhiteTitle "16"]
[BlackTitle "16"]
[WhiteElo "2245"]
[BlackElo "2119"]
[WhiteTeam "Rheinland-Pfalz"]
[BlackTeam "Sachsen"]
[PlyCount "113"]
[WhiteFideId "24692050"]
[BlackFideId "24647837"]
[EventCountry "GER"]
[EventRounds "7"]
[EventType "team-swiss"]
[EventDate "2012.09.28"]

1. d4 Nf6 2. c4 g6 3. Nc3 Bg7 4. e4 d6 5. f3 O-O 6. Be3 a6 7. Nge2 Nbd7 8. Qd2
c5 9. Rd1 b6 10. Nc1 cxd4 11. Bxd4 Bb7 12. Be2 Rc8 13. O-O Re8 14. Nb3 Qc7 15.
Rc1 e6 16. Rfd1 Rcd8 17. Be3 Bf8 18. Nd4 Qb8 19. a3 Ne5 20. b4 d5 21. cxd5 exd5
22. Bg5 Be7 23. f4 Nc4 24. Bxc4 dxc4 25. e5 Ne4 26. Nxe4 Bxe4 27. Bxe7 Rxe7 28.
Rxc4 Qb7 29. g3 Red7 30. Qe3 Bf3 31. Rd2 Bh1 32. e6 fxe6 33. Qxe6+ Kh8 34. Rdc2
Qe4 35. Qf6+ Kg8 36. Re2 Qd5 37. Qe6+ Qxe6 38. Nxe6 Bd5 39. Rc1 Re8 40. Rce1
Bxe6 41. Rxe6 Rxe6 42. Rxe6 Rd3 43. Rxb6 Rxa3 44. Rb8+ Kg7 45. Rb7+ Kg8 46. Kg2
a5 47. bxa5 Rxa5 48. Kf3 Rc5 49. h3 Ra5 50. Kg4 h5+ 51. Kh4 Rc5 52. Re7 Rf5 53.
Re5 Rf7 54. Kg5 Kh7 55. f5 gxf5 56. Rxf5 Rg7+ 57. Kh4 1-0

[Event "Deutsche Ländermeisterschaft 2012"]
[Site "Hannover GER"]
[Date "2012.09.30"]
[Round "2"]
[White "Kreyßig, Robert"]
[Black "Yankelevich, Lev"]
[Result "1/2-1/2"]
[Termination "normal"]
[Board "3.2"]
[WhiteTitle "16"]
[BlackTitle "16"]
[WhiteElo "1939"]
[BlackElo "2178"]
[WhiteTeam "Sachsen"]
[BlackTeam "Rheinland-Pfalz"]
[PlyCount "113"]
[WhiteFideId "4662881"]
[BlackFideId "24684074"]
[EventCountry "GER"]
[EventRounds "7"]
[EventType "team-swiss"]
[EventDate "2012.09.28"]

1. d4 Nf6 2. c4 g6 3. Nc3 Bg7 4. e4 d6 5. f3 O-O 6. Be3 Nc6 7. Nge2 a6 8. Qd2
Rb8 9. Nc1 e5 10. d5 Nd4 11. N1e2 c5 12. dxc6 bxc6 13. Nxd4 exd4 14. Bxd4 d5
15. O-O-O dxe4 16. fxe4 Qa5 17. Be2 Qb4 18. Qc2 Be6 19. Rhf1 Nd7 20. Bxg7 Kxg7
21. Rd4 Ne5 22. b3 Qa3+ 23. Qb2 Qxb2+ 24. Kxb2 c5 25. Rd6 Bxc4 26. Kc2 Bxe2 27.
Nxe2 c4 28. Rxa6 cxb3+ 29. axb3 Rfc8+ 30. Nc3 Nc6 31. Ra4 Nb4+ 32. Kb2 Rb7 33.
Rd1 Nc6 34. Nd5 Ne5 35. Rdd4 Rb5 36. Ne7 Rcb8 37. b4 Ng4 38. h3 Ne3 39. g4 Kf6
40. Nd5+ Ke5 41. Kc3 Rc8+ 42. Kd3 Ng2 43. Rc4 Rxc4 44. Kxc4 Rb8 45. b5 Rc8+ 46.
Kd3 f5 47. gxf5 gxf5 48. Ne7 Nf4+ 49. Kd2 Rd8+ 50. Kc2 Re8 51. Nxf5 Nxh3 52.
Rb4 Nf2 53. b6 Nxe4 54. Rxe4+ Kxe4 55. Nd6+ Kd5 56. Nxe8 Kc6 57. Nf6 1/2-1/2